8 Scenes, 1 Movie! IX Quiz Stats

 Plays Quiz Updated Sep 20, 2017

Score 0/25 Timer 10:00
2 Plays Today
% Correct
Star Wars
98%
The Incredibles
96.4%
Gladiator
91.6%
Men in Black
87.8%
The Lion King
83.2%
Jurassic Park
81.4%
Elf
80.5%
Speed
75%
Gangs of New York
72.4%
The Day After Tomorrow
68.2%
The Good, the Bad and the Ugly
66.5%
Harry Potter and the Prisoner of Azkaban
65.2%
Ant-Man
60.9%
% Correct
The Theory of Everything
57.8%
Zombieland
57.4%
Ghost
55.1%
Indiana Jones and the Kingdom of the Crystal Skull
52.6%
Back to the Future Part III
49.1%
Godzilla
42.2%
Deep Blue Sea
35.8%
The Hunger Games: Mockingjay - Part 1
34.3%
Die Another Day
32.9%
North by Northwest
25.8%
Batman v Superman: Dawn of Justice
21.3%
Jupiter Ascending
18.8%

You're not logged in!

Compare scores with friends on all Sporcle quizzes.
OR
Log In

Show Comments

Extras

Top Quizzes Today


Score Distribution

Your Account Isn't Verified!

In order to create a playlist on Sporcle, you need to verify the email address you used during registration. Go to your Sporcle Settings to finish the process.

Report this User

Report this user for behavior that violates our Community Guidelines.

Details: